|
|
|
|
| LEADER |
00000nam0a2200000 4500 |
| 001 |
358483 |
| 005 |
20231102011110.0 |
| 035 |
|
|
|a (RuTPU)RU\TPU\retro\15752
|
| 090 |
|
|
|a 358483
|
| 100 |
|
|
|a 20200818d1915 k y0rusy50 ca
|
| 101 |
0 |
|
|a rus
|
| 102 |
|
|
|a RU
|
| 105 |
|
|
|a a z 000zy
|
| 200 |
1 |
|
|a Глинистые сланцы, выступающие около г. Томска с 12 таблицами фототипий, 4 рисунками и 2 картами в тексте
|f М. Э. Янишевский
|g Российская империя, Геологический комитет (ГЕОЛКОМ)
|
| 210 |
|
|
|a Петроград
|c Типография М. М. Стасюлевича
|d 1915
|
| 215 |
|
|
|a 96 с.
|c ил.
|
| 225 |
1 |
|
|a Труды Геологического Комитета. Новая серия
|v Вып. 107
|
| 300 |
|
|
|a Текст в русской дореформенной орфографии
|
| 606 |
1 |
|
|a Геология Томска
|2 stltpush
|3 (RuTPU)RU\TPU\subj\68326
|9 83734
|
| 610 |
1 |
|
|a глинистые сланцы
|
| 610 |
1 |
|
|a возраст
|
| 610 |
1 |
|
|a стратиграфические наблюдения
|
| 610 |
1 |
|
|a палеонтологические исследования
|
| 610 |
1 |
|
|a тектоника
|
| 610 |
1 |
|
|a коллекция Л. Л. Тове
|
| 675 |
|
|
|a 55(571.16)
|v 4
|
| 700 |
|
1 |
|a Янишевский
|b М. Э.
|c российский палеонтолог
|c профессор Томского технологического института
|f 1871-1949
|g Михаил Эрастович
|x TPU
|2 stltpush
|3 (RuTPU)RU\TPU\pers\13868
|
| 712 |
0 |
1 |
|a Российская империя
|b Геологический комитет (ГЕОЛКОМ)
|c (1882-1917)
|2 stltpush
|3 (RuTPU)RU\TPU\col\22317
|
| 801 |
|
1 |
|a RU
|b 63413507
|c 20200818
|
| 801 |
|
2 |
|a RU
|b 63413507
|c 20201020
|g RCR
|
| 942 |
|
|
|c BK
|